Central Library and Information Centre
Sibsagar Girls' College, Sivasagar : Assam

INTERNATIONAL BANKING THEORY AND BANKING SYSTEM (Record no. 4620)

MARC details
000 -LEADER
fixed length control field 00438cam a2200181ua 4500
008 - FIXED-LENGTH DATA ELEMENTS--GENERAL INFORMATION
fixed length control field 120409n1992 II |||gr||||Z||||||eng
040 ## - CATALOGING SOURCE
Original cataloging agency MAIN
041 ## - LANGUAGE CODE
-- English
082 ## - DEWEY DECIMAL CLASSIFICATION NUMBER
Classification number 332.1 SAC
100 ## - MAIN ENTRY--PERSONAL NAME
Personal name SACHDEVA, A. N.
245 ## - TITLE STATEMENT
Title INTERNATIONAL BANKING THEORY AND BANKING SYSTEM
260 ## - PUBLICATION, DISTRIBUTION, ETC.
Place of publication, distribution, etc. LUCKNOW
Name of publisher, distributor, etc. PRAKASHAN KENDRA
Date of publication, distribution, etc. 1992
300 ## - PHYSICAL DESCRIPTION
Extent 645:
Dimensions 20CM.
700 ## - ADDED ENTRY--PERSONAL NAME
Personal name SUNDRAM, M. P.
942 ## - ADDED ENTRY ELEMENTS (KOHA)
Koha item type Books
653 ## - INDEX TERM--UNCONTROLLED
Uncontrolled term Banking
Holdings
Withdrawn status Lost status Damaged status Not for loan Collection code Home library Current library Shelving location Date acquired Full call number Barcode Date last seen Copy number Price effective from Koha item type
        TBECO Central Library and Information Centre Sibsagar Girls College Central Library and Information Centre Sibsagar Girls College Economics Rack 06.06.1990 332.1 SAC 12979 27.02.2020 1 27.02.2020 Books


Sibsagar Girl's College © 2020. All rights reserved.
Powered by Koha.
Maintained by Abhijit Borpuzari.